000 00489nam a2200181Ia 4500
003 GCL
008 140319s9999 xx 000 0 ara d
040 _aGCL /
_cGCL
082 0 4 _a157.2
_bص م
100 1 _aصبرى جرجس
245 1 0 _aمشكلة السلوك السيكوباتى /
_cصبرى جرجس
300 _a327 ص
490 _a
650 0 4 _aعلم النفس
650 0 4 _aالتحليل النفسى
650 0 4 _aعلم النفس العلاجى
942 _2ddc
_cBK
999 _c38268
_d38268